Quick Pick: The People v. O. J. Simpson Quiz Stats

 Plays Quiz not verified by Sporcle

Support Sporcle.
Go Orange.
Score 0/12 Timer 01:00
0 Plays Today
% Correct
Kenneth Choi
82.8%
Cuba Gooding Jr.
79.3%
Sarah Paulson
72.4%
David Schwimmer
71.3%
Sterling K. Brown
70.1%
Selma Blair
69%
John Travolta
62.1%
Courtney B. Vance
58.6%
Bruce Greenwood
47.1%
Billy Magnussen
46%
Nathan Lane
44.8%
Steven Pasquale
42.5%

You're not logged in!

Compare scores with friends on all Sporcle quizzes.
OR
Log In

From the Vault

States with One Area Code

by TheJoker

For perspective, there are six area codes in New York City alone.
Remove Ads.
Support Sporcle.
Get the best of Sporcle when you Go Orange. This ad-free experience offers more features, more stats, and more fun while also helping to support Sporcle. Thank you for becoming a member.

Show Comments

Extras

Top Quizzes Today


Score Distribution

Your Account Isn't Verified!

In order to create a playlist on Sporcle, you need to verify the email address you used during registration. Go to your Sporcle Settings to finish the process.

Report this User

Report this user for behavior that violates our Community Guidelines.

Details: